| 000 | 00509nam a2200181Ia 4500 | ||
|---|---|---|---|
| 008 | 151018s9999 xx 000 0 und d | ||
| 082 |
_bRBASDV11003 _a891.463 |
||
| 100 | _aऊ ज शेळके | ||
| 245 | _aअगतिका | ||
| 250 | _b2 | ||
| 260 |
_bपुष्पक प्रकाशन पुणे _c1976 |
||
| 300 | _a297 | ||
| 600 | _aऊ ज शेळके | ||
| 630 | _aअगतिका | ||
| 700 | _aऊ ज शेळके | ||
| 730 | _aअगतिका | ||
| 942 | _cBOOK | ||
| 999 |
_c1013355 _d1013352 |
||